[Event "26. Schweinfurt Open"]
[Site "Schweinfurt"]
[Date "2016.05.27"]
[Round "3.23"]
[White "Blank, Stefan"]
[Black "Scheifele, Paul"]
[Result "1/2-1/2"]
[WhiteElo "1821"]
[BlackElo "1286"]
[PlyCount "109"]
[EventDate "2016.??.??"]
[WhiteTeam "SC Sulzbach"]
[BlackTeam "Aschaffenburg-Schweinheim"]

1. e4 e5 2. Nf3 Nc6 3. d3 h6 4. Be2 Bc5 5. c3 Nf6 6. O-O d6 7. b4 Bb6 8. a4 a5
9. b5 Ne7 10. Qc2 Ng6 11. d4 Qe7 12. Nbd2 Bg4 13. h3 Bxf3 14. Nxf3 exd4 15.
Nxd4 O-O 16. Bd3 Rfe8 17. Bb2 c5 18. bxc6 bxc6 19. Nxc6 Qb7 20. Nd4 Nxe4 21.
Rfe1 Nf6 22. Nb5 Nh4 23. Bf1 Ne4 24. Nd4 Rab8 25. Ba3 Rbc8 26. Qb2 Rxc3 27.
Bxd6 Rc6 28. Rxe4 Rxe4 29. Nxc6 Qxc6 30. Bg3 Nf5 31. Rc1 Qe6 32. Kh2 Nxg3 33.
fxg3 Rxa4 34. Bb5 Rb4 35. Qe2 Qxe2 36. Bxe2 a4 37. Bd3 g6 38. Rc8+ Kg7 39. Ra8
Bc5 40. Bc2 Rb2 41. Bxa4 Ra2 42. Bc6 Rxa8 43. Bxa8 Bd6 44. h4 Kf6 45. Kh3 Ke5
46. g4 g5 47. Bc6 Kf4 48. g3+ Ke3 49. Bd7 Kf2 50. hxg5 hxg5 51. Be8 f6 52. Bd7
Bxg3 53. Bf5 Bh4 54. Bc8 Kf3 55. Bf5 1/2-1/2

[Event "26. Schweinfurt Open"]
[Site "Schweinfurt"]
[Date "2016.05.27"]
[Round "3.24"]
[White "Peuckert, Rüdiger"]
[Black "Weineck, Ekkehard"]
[Result "1-0"]
[WhiteElo "1818"]
[BlackElo "1606"]
[PlyCount "131"]
[EventDate "2016.??.??"]
[WhiteTeam "SK Schweinfurt"]
[BlackTeam "SV Würzburg"]

1. e4 c5 2. Bc4 e6 3. Nf3 Nf6 4. Nc3 d6 5. d4 cxd4 6. Nxd4 Nc6 7. Be3 Be7 8.
Qd2 a6 9. a3 O-O 10. h3 Bd7 11. O-O Rc8 12. b4 Ne5 13. Bb3 Qc7 14. Nde2 Rfd8
15. f3 Nc4 16. Bxc4 Qxc4 17. Rfc1 Bb5 18. Nxb5 Qxb5 19. Nf4 d5 20. e5 Nd7 21.
Nd3 Nb6 22. Bg5 Re8 23. Bxe7 Rxe7 24. Qg5 Qe8 25. Nf4 h6 26. Qg4 Rc4 27. Qg3
Kh8 28. Nh5 Qf8 29. Qf2 Nd7 30. f4 b6 31. Rab1 f6 32. exf6 gxf6 33. Rb3 Qf7 34.
Qh4 Nf8 35. Nxf6 Qg7 36. Rg3 Ng6 37. Qh5 Qxf6 38. Qxh6+ Rh7 39. Qxg6 Qxg6 40.
Rxg6 Re4 41. Rg4 Rg7 42. Rxg7 Kxg7 43. g3 Re3 44. Kf2 Rxa3 45. c3 Ra2+ 46. Kf3
a5 47. bxa5 bxa5 48. h4 Ra4 49. h5 Rc4 50. g4 a4 51. g5 a3 52. Rc2 d4 53. h6+
Kh7 54. Re2 Rxc3+ 55. Kg4 Rc6 56. Kh5 d3 57. g6+ Kg8 58. Ra2 Ra6 59. Kg5 Kf8
60. Kf6 e5+ 61. Kxe5 Rxg6 62. Rxa3 d2 63. Rd3 Rxh6 64. Rxd2 Ke7 65. f5 Rh5 66.
Ra2 1-0

[Event "26. Schweinfurt Open"]
[Site "Schweinfurt"]
[Date "2016.05.27"]
[Round "3.25"]
[White "Wiemann, Daniel"]
[Black "Chen, Jiwei"]
[Result "1-0"]
[WhiteElo "1533"]
[BlackElo "908"]
[PlyCount "115"]
[EventDate "2016.??.??"]
[WhiteTeam "SV Seubelsdorf"]
[BlackTeam "SK Schweinfurt"]

1. e4 e5 2. Nf3 Nc6 3. Bc4 Bc5 4. c3 Nf6 5. d4 exd4 6. cxd4 Bb6 7. e5 Ng8 8.
Be3 d5 9. exd6 cxd6 10. Qb3 Qc7 11. Ng5 Na5 12. Bb5+ Nc6 13. d5 Nh6 14. dxc6
bxc6 15. Be2 d5 16. Bxb6 axb6 17. Qe3+ Kd8 18. O-O Re8 19. Qd2 f6 20. Nf3 Ng4
21. Nc3 Bb7 22. h3 Nh6 23. Rad1 Qd7 24. Nh2 Nf7 25. Bf3 Re5 26. Ng4 Rg5 27. Kh1
h5 28. Ne3 Ke8 29. h4 Rg6 30. Nexd5 cxd5 31. Nxd5 Ra4 32. Nxf6+ gxf6 33. Qxd7+
Kf8 34. Qxa4 Bxf3 35. gxf3 Kg7 36. Rg1 Ng5 37. hxg5 fxg5 38. Rd7+ Kh6 39. Qa7
g4 40. Rh7+ Kg5 41. fxg4 hxg4 42. Rxg4+ Kxg4 43. Rg7 Kg5 44. Rxg6+ Kxg6 45. Qe7
b5 46. b4 Kf5 47. Qe3 Kf6 48. Qe4 Kf7 49. Qe5 Kf8 50. Qc7 Ke8 51. Kg2 Kf8 52.
Qd7 Kg8 53. Qe7 Kh8 54. Kg3 Kg8 55. Kg4 Kh8 56. Kg5 Kg8 57. Kg6 Kh8 58. Qg7#
1-0

[Event "26. Schweinfurt Open"]
[Site "Schweinfurt"]
[Date "2016.05.27"]
[Round "3.26"]
[White "Glok, David"]
[Black "Hüttinger, Siegfried"]
[Result "0-1"]
[WhiteElo "915"]
[BlackElo "1513"]
[PlyCount "72"]
[EventDate "2016.??.??"]
[WhiteTeam "SK München Südost"]
[BlackTeam "SC KS Alzenau"]

1. e4 c5 2. Nf3 Nc6 3. Bb5 Nd4 4. c3 Nxb5 5. d3 a6 6. Bf4 d6 7. Nbd2 Bg4 8. h3
Bh5 9. g4 Bg6 10. a4 Nc7 11. h4 h5 12. gxh5 Bxh5 13. Qb3 b5 14. O-O-O Rb8 15.
c4 bxc4 16. Qxc4 e6 17. e5 d5 18. Qc2 Bg6 19. Bg5 Be7 20. Bxe7 Qxe7 21. Rde1 c4
22. dxc4 Bxc2 23. Kxc2 Qb4 24. Rhg1 Qxb2+ 25. Kd1 g6 26. Ng5 Rxh4 27. Ndf3 Rxc4
28. Nd2 Rc1+ 29. Ke2 Qxe5+ 30. Kf1 Rxe1+ 31. Kg2 Qxg5+ 32. Kf3 Rxg1 33. Ke2 Rb2
34. f4 Qg2+ 35. Ke3 Qxd2+ 36. Kf3 Rb3# 0-1

[Event "26. Schweinfurt Open"]
[Site "Schweinfurt"]
[Date "2016.05.27"]
[Round "3.27"]
[White "Lippianowski, Stefan"]
[Black "Heller, Thomas"]
[Result "1/2-1/2"]
[WhiteElo "1163"]
[BlackElo "1828"]
[PlyCount "65"]
[EventDate "2016.??.??"]
[WhiteTeam "SV Mattnetz Berlin"]
[BlackTeam "SV Bergtheim"]

1. e4 b6 2. Nc3 Bb7 3. d4 c6 4. d5 d6 5. Nf3 Nd7 6. Bc4 h6 7. Nd4 c5 8. Nc6 Qc8
9. Qf3 a6 10. Qg3 b5 11. Be2 b4 12. Nd1 Bxc6 13. dxc6 Qxc6 14. Bf3 Ne5 15. O-O
Nxf3+ 16. Qxf3 Nf6 17. Re1 e5 18. Ne3 O-O-O 19. Nc4 Qb5 20. Qf5+ Kc7 21. b3 Qd7
22. Qf3 Qg4 23. Qd3 g5 24. f3 Qc8 25. a3 Qb7 26. Na5 Qb6 27. Nc4 Qb5 28. a4 Qb7
29. Na5 Qa7 30. Be3 Qb6 31. Nc4 Qc6 32. Na5 Qb6 33. Nc4 1/2-1/2

[Event "26. Schweinfurt Open"]
[Site "Schweinfurt"]
[Date "2016.05.27"]
[Round "3.28"]
[White "Maar, Felicitas"]
[Black "Klonov, Sofia"]
[Result "1-0"]
[WhiteElo "1497"]
[BlackElo "866"]
[PlyCount "85"]
[EventDate "2016.??.??"]
[WhiteTeam "SC Fuldatal"]
[BlackTeam "SK München Südost"]

1. e4 c5 2. Nf3 Nc6 3. Bb5 Nf6 4. Nc3 d5 5. d3 Bg4 6. O-O e5 7. h3 Bxf3 8. Qxf3
c4 9. dxc4 Bb4 10. cxd5 a6 11. dxc6 axb5 12. cxb7 Rb8 13. Nxb5 Rxb7 14. Nc3 O-O
15. Nd5 Nxd5 16. exd5 Rb5 17. Rd1 Re8 18. Qe4 Bc5 19. c4 Rb4 20. Qg4 Bd4 21.
Bh6 g6 22. Bc1 Bxb2 23. Bxb2 Rxb2 24. Re1 Qb6 25. Rf1 Ra8 26. Qe4 Ra4 27. Qxe5
Rab4 28. Qe8+ Kg7 29. Qe4 Qa5 30. a4 Rxa4 31. Qd4+ Kg8 32. Qxb2 Rxa1 33. Qxa1
Qc5 34. Qa8+ Kg7 35. Qc6 Qd4 36. d6 Kf8 37. d7 Ke7 38. Re1+ Kf8 39. Re8+ Kg7
40. d8=Q Qa1+ 41. Kh2 Qc1 42. Rg8+ Kh6 43. Qh4# 1-0

[Event "26. Schweinfurt Open"]
[Site "Schweinfurt"]
[Date "2016.05.27"]
[Round "3.29"]
[White "Scheifele, Jan"]
[Black "Klonov, Jakov"]
[Result "0-1"]
[WhiteElo "906"]
[BlackElo "1333"]
[PlyCount "62"]
[EventDate "2016.??.??"]
[WhiteTeam "Aschaffenburg-Schweinheim"]
[BlackTeam "SK München Südost"]

1. e4 c5 2. Nf3 Nc6 3. Bc4 g6 4. Nh4 Bg7 5. Qf3 e6 6. Qg3 d5 7. exd5 exd5 8.
Qe3+ Nge7 9. Bb3 c4 10. Ba4 O-O 11. Bxc6 Nxc6 12. O-O Qxh4 13. g3 Qe4 14. Qxe4
dxe4 15. Re1 Bf5 16. Nc3 Nd4 17. Rf1 Bh3 18. Rd1 Nf3+ 19. Kh1 f5 20. Ne2 Be5
21. Nf4 Bxf4 22. gxf4 Nh4 23. d4 cxd3 24. cxd3 Rfe8 25. d4 Rec8 26. d5 Rc2 27.
d6 Rxf2 28. d7 Rd8 29. Be3 Re2 30. Bxa7 Bg2+ 31. Kg1 Nf3# 0-1

[Event "26. Schweinfurt Open"]
[Site "Schweinfurt"]
[Date "2016.05.28"]
[Round "4.1"]
[White "Poulsen, Klaus E"]
[Black "Ziegler, Michael"]
[Result "1/2-1/2"]
[WhiteElo "2068"]
[BlackElo "2178"]
[PlyCount "43"]
[EventDate "2016.??.??"]
[WhiteTeam "Skakforeningen Odysseus"]
[BlackTeam "SC Prichsenstadt"]

1. e4 c5 2. Nf3 e6 3. d4 cxd4 4. c3 Nf6 5. Bd3 dxc3 6. Nxc3 d6 7. O-O Be7 8.
Qe2 a6 9. Rd1 Qa5 10. Bd2 Qh5 11. Rac1 O-O 12. Na4 Nbd7 13. Be3 Re8 14. Rc7 Qa5
15. Qc2 Bd8 16. Rxc8 Rxc8 17. Qxc8 Qxa4 18. b3 Qb4 19. Rc1 Be7 20. Qc7 Bd8 21.
Qc8 Be7 22. Qc7 1/2-1/2

[Event "26. Schweinfurt Open"]
[Site "Schweinfurt"]
[Date "2016.05.28"]
[Round "4.2"]
[White "Diller, Peter"]
[Black "Ciolek, Andreas"]
[Result "0-1"]
[WhiteElo "1990"]
[BlackElo "2102"]
[PlyCount "86"]
[EventDate "2016.??.??"]
[WhiteTeam "SK Rothenburg"]
[BlackTeam "SK Singen"]

1. e4 c5 2. f4 d5 3. e5 Nc6 4. Nf3 Bg4 5. Be2 e6 6. d3 Nge7 7. Be3 Nf5 8. Bf2
Be7 9. O-O Qc7 10. Nbd2 O-O-O 11. c3 h5 12. d4 f6 13. dxc5 fxe5 14. fxe5 Nxe5
15. Nxe5 Qxe5 16. Nf3 Qc7 17. Nd4 Bf6 18. Nb5 Qe5 19. Re1 Qb8 20. c6 bxc6 21.
Nxa7+ Kd7 22. Qa4 Ne7 23. Bxg4 hxg4 24. Qxg4 Qxh2+ 25. Kf1 Qh1+ 26. Bg1 Rh4 27.
Qxe6+ Kc7 28. Qe3 d4 29. Qf3 Rd6 30. Rad1 Nd5 31. Ke2 Nf4+ 32. Kf2 Nxg2 33. Re4
Rxe4 34. Qxe4 Bh4+ 35. Ke2 Re6 36. Qxe6 Nf4+ 37. Kd2 Nxe6 38. cxd4 Qg2+ 39. Kc3
Qf3+ 40. Kc2 Qe2+ 41. Rd2 Qe4+ 42. Kb3 Qd5+ 43. Kc2 Qc4+ 0-1

[Event "26. Schweinfurt Open"]
[Site "Schweinfurt"]
[Date "2016.05.28"]
[Round "4.3"]
[White "Becker, Matthias"]
[Black "Gould, Charles"]
[Result "1-0"]
[WhiteElo "2266"]
[BlackElo "1974"]
[PlyCount "51"]
[EventDate "2016.??.??"]
[WhiteTeam "BG Buchen"]
[BlackTeam "SV Würzburg"]

1. e4 d6 2. d4 g6 3. Nc3 Nf6 4. f4 Bg7 5. Nf3 c5 6. dxc5 Qa5 7. Qd4 O-O 8. cxd6
Nc6 9. Qd2 exd6 10. Bd3 Bg4 11. O-O Rfe8 12. Qf2 Nd7 13. Bd2 Bxf3 14. Qxf3 Qb6+
15. Kh1 Nd4 16. Qf2 Qxb2 17. Nd5 Rac8 18. Rab1 Qa3 19. Bb4 Qa4 20. Bxd6 Qc6 21.
Ne7+ Rxe7 22. Bxe7 Qe6 23. Ba3 Qxa2 24. Bb2 Qa4 25. Bxd4 Bxd4 26. Bb5 1-0

[Event "26. Schweinfurt Open"]
[Site "Schweinfurt"]
[Date "2016.05.28"]
[Round "4.4"]
[White "Froitzheim, Ralf"]
[Black "Pototzky, Daniel"]
[Result "1/2-1/2"]
[WhiteElo "1873"]
[BlackElo "2137"]
[PlyCount "60"]
[EventDate "2016.??.??"]
[WhiteTeam "SG Niederkassel"]
[BlackTeam "SC Prichsenstadt"]

1. c4 g6 2. g3 c5 3. Bg2 Bg7 4. Nc3 Nc6 5. e4 e6 6. Nge2 Nge7 7. O-O O-O 8. d3
a6 9. Be3 Nd4 10. Qd2 Nec6 11. Bh6 b5 12. Bxg7 Kxg7 13. Nxd4 Nxd4 14. e5 Rb8
15. Ne4 bxc4 16. dxc4 Qb6 17. b3 Bb7 18. Nf6 Bxg2 19. Kxg2 h6 20. f3 Rbd8 21.
Ne4 Qa7 22. Qf4 a5 23. Qf6+ Kg8 24. Rae1 a4 25. Re3 axb3 26. axb3 Rb8 27. Rb1
Rb4 28. Rd3 Rfb8 29. Nd6 Rf8 30. Ne4 Rfb8 1/2-1/2

[Event "26. Schweinfurt Open"]
[Site "Schweinfurt"]
[Date "2016.05.28"]
[Round "4.5"]
[White "Neubauer, Jaro"]
[Black "Kilian, Markus"]
[Result "0-1"]
[WhiteElo "1986"]
[BlackElo "1954"]
[PlyCount "100"]
[EventDate "2016.??.??"]
[WhiteTeam "SK Schweinfurt"]
[BlackTeam "SV Würzburg"]

1. e4 g6 2. d4 Bg7 3. Nc3 d6 4. Be3 a6 5. Qd2 b5 6. f3 Bb7 7. h4 h5 8. Nh3 Nd7
9. Nf2 c5 10. d5 Bc8 11. Nh3 Ne5 12. Ng5 Qc7 13. Be2 Nf6 14. O-O O-O 15. Nd1 e6
16. dxe6 Bxe6 17. Nxe6 fxe6 18. Nf2 d5 19. Bf4 Rad8 20. Qe3 d4 21. Qc1 Nfd7 22.
Bh2 Qb6 23. a4 c4 24. axb5 axb5 25. Kh1 Kh7 26. f4 Bh6 27. g3 Qb7 28. Qd1 d3
29. cxd3 Nxd3 30. Bxd3 Nc5 31. Qf3 Nxd3 32. Bg1 Nxb2 33. Nh3 Na4 34. Qg2 Rd3
35. Ng5+ Bxg5 36. fxg5 Rxf1 37. Rxf1 Nc3 38. Bc5 Qxe4 39. Rf7+ Kg8 40. Rf8+ Kg7
41. Ra8 Rxg3 42. Bd4+ Kf7 43. Ra7+ Ke8 44. Qxe4 Nxe4 45. Bf6 Nxf6 46. gxf6 b4
47. Re7+ Kf8 48. Rxe6 c3 49. Kh2 Rd3 50. Rb6 c2 0-1

[Event "26. Schweinfurt Open"]
[Site "Schweinfurt"]
[Date "2016.05.28"]
[Round "4.6"]
[White "Tsiapouris, Michael"]
[Black "FM Golda, Harald"]
[Result "1/2-1/2"]
[WhiteElo "1911"]
[BlackElo "2316"]
[PlyCount "48"]
[EventDate "2016.??.??"]
[WhiteTeam "SC Tarrasch München"]
[BlackTeam "SK Schweinfurt"]

1. Nf3 Nf6 2. g3 b6 3. Bg2 Bb7 4. O-O e6 5. c4 c5 6. b3 Be7 7. Bb2 O-O 8. e3 d5
9. Qe2 Nc6 10. Nc3 d4 11. exd4 Nxd4 12. Nxd4 Bxg2 13. Kxg2 Qxd4 14. Rab1 Qd7
15. Kg1 Rfd8 16. Rfd1 Qd3 17. Qxd3 Rxd3 18. Kf1 Rd7 19. Nb5 a6 20. Na3 Rad8 21.
Ke2 Ne8 22. Nc2 Bf6 23. Bxf6 Nxf6 24. f3 a5 1/2-1/2

[Event "26. Schweinfurt Open"]
[Site "Schweinfurt"]
[Date "2016.05.28"]
[Round "4.7"]
[White "Schmidt, Markus"]
[Black "Seidens, Udo"]
[Result "0-1"]
[WhiteElo "1901"]
[BlackElo "2245"]
[PlyCount "72"]
[EventDate "2016.??.??"]
[WhiteTeam "Stuttgarter SF"]
[BlackTeam "SK Schweinfurt"]

1. d4 Nf6 2. c4 e6 3. Nf3 Bb4+ 4. Bd2 a5 5. Nc3 O-O 6. a3 Bxc3 7. Bxc3 Ne4 8.
Qc2 f5 9. e3 b6 10. Bd3 Bb7 11. O-O-O d6 12. h4 Nd7 13. Rdg1 Ndf6 14. Ng5 Qe7
15. f3 Nxc3 16. Qxc3 h6 17. Nh3 Nh5 18. Qe1 e5 19. d5 f4 20. exf4 Nxf4 21. Be4
Ba6 22. Nxf4 Rxf4 23. g3 Rf6 24. Qe2 Qe8 25. Bd3 Bc8 26. h5 Bf5 27. g4 Bxd3 28.
Qxd3 Qe7 29. Rh3 Raf8 30. Rgg3 Rf4 31. b3 e4 32. fxe4 Qf6 33. Re3 Qa1+ 34. Kd2
Qb2+ 35. Ke1 Qc1+ 36. Ke2 Rf2# 0-1

[Event "26. Schweinfurt Open"]
[Site "Schweinfurt"]
[Date "2016.05.28"]
[Round "4.8"]
[White "Großhans, Ralf-Michael"]
[Black "Wiener, Horst"]
[Result "1-0"]
[WhiteElo "2192"]
[BlackElo "1927"]
[PlyCount "53"]
[EventDate "2016.??.??"]
[WhiteTeam "SK Weidhausen"]
[BlackTeam "SK Schweinfurt"]

1. e4 e5 2. Nf3 Nf6 3. d3 Nc6 4. c3 d5 5. Qc2 Bg4 6. Be2 Be7 7. Nbd2 O-O 8. Nf1
d4 9. Ng3 Bxf3 10. Bxf3 g6 11. Bh6 Re8 12. h4 Qd6 13. h5 Qc5 14. hxg6 fxg6 15.
Qb3+ Nd5 16. Qxd5+ Qxd5 17. exd5 Nd8 18. Bg4 Bf8 19. Bxf8 Rxf8 20. Ne4 Kg7 21.
cxd4 exd4 22. Rc1 Rf7 23. O-O Re7 24. Rc4 Nf7 25. Be6 Nd6 26. Nxd6 cxd6 27.
Rxd4 1-0

[Event "26. Schweinfurt Open"]
[Site "Schweinfurt"]
[Date "2016.05.28"]
[Round "4.9"]
[White "Amtmann, Florian"]
[Black "Langguth, Rolf"]
[Result "1-0"]
[WhiteElo "2170"]
[BlackElo "1921"]
[PlyCount "71"]
[EventDate "2016.??.??"]
[WhiteTeam "Spvgg Stetten"]
[BlackTeam "SK Schweinfurt"]

1. e4 c5 2. Nf3 Nc6 3. d4 cxd4 4. Nxd4 Nf6 5. Nc3 a6 6. Nxc6 dxc6 7. Qxd8+ Kxd8
8. Bf4 b5 9. O-O-O+ Bd7 10. f3 e6 11. Be2 Bc5 12. g4 Ke7 13. h4 Ne8 14. e5 Bb6
15. Ne4 f6 16. h5 h6 17. Bg3 Be3+ 18. Kb1 f5 19. Bh4+ Kf8 20. Rxd7 fxe4 21.
fxe4 Ra7 22. Rf1+ Kg8 23. Rxa7 Bxa7 24. g5 hxg5 25. Bxg5 Bd4 26. Bg4 Nc7 27.
Bf4 Bc5 28. c3 Kh7 29. Bg5 Re8 30. Rf7 Rc8 31. Rd7 Bf8 32. Kc2 a5 33. Rd8 Rxd8
34. Bxd8 Na6 35. Bxe6 a4 36. Bf5+ 1-0

[Event "26. Schweinfurt Open"]
[Site "Schweinfurt"]
[Date "2016.05.28"]
[Round "4.10"]
[White "Kuhn, Norbert"]
[Black "Petersen, Steffen"]
[Result "1-0"]
[WhiteElo "2119"]
[BlackElo "1867"]
[PlyCount "63"]
[EventDate "2016.??.??"]
[WhiteTeam "SV Würzburg"]
[BlackTeam "Skakforeningen Odysseus"]

1. e4 e5 2. d4 exd4 3. Nf3 Bb4+ 4. Bd2 Bxd2+ 5. Qxd2 Nc6 6. Nxd4 Nge7 7. Nc3
O-O 8. Bc4 d6 9. h3 Nxd4 10. Qxd4 Nc6 11. Qd2 Be6 12. Bb5 Bd7 13. O-O a6 14.
Be2 f5 15. exf5 Bxf5 16. Bf3 Bd7 17. Bd5+ Kh8 18. Rae1 Qh4 19. Be6 Bxe6 20.
Rxe6 Ne5 21. f4 Nc6 22. Nd5 Rac8 23. Rfe1 Qh5 24. Kh2 Qf7 25. a3 Qd7 26. c4 Nd8
27. Re7 Qc6 28. Rxg7 Kxg7 29. Qd4+ Kh6 30. Re7 Rg8 31. Qf6+ Rg6 32. Qh4# 1-0

[Event "26. Schweinfurt Open"]
[Site "Schweinfurt"]
[Date "2016.05.28"]
[Round "4.11"]
[White "Eichenauer, Pascal"]
[Black "Engesser, Jonas"]
[Result "1/2-1/2"]
[WhiteElo "1857"]
[BlackElo "2060"]
[PlyCount "139"]
[EventDate "2016.??.??"]
[WhiteTeam "SV Würzburg"]
[BlackTeam "SK Engen"]

1. e4 c5 2. Nf3 d6 3. Bb5+ Nd7 4. O-O a6 5. Bxd7+ Bxd7 6. b3 Nf6 7. Re1 g6 8.
e5 dxe5 9. Nxe5 Bg7 10. Bb2 Bc8 11. a4 O-O 12. Nd3 Qc7 13. Na3 Ng4 14. g3 Bxb2
15. Nxb2 f6 16. Qe2 e5 17. f3 Nh6 18. Qc4+ Kg7 19. Nd3 Qc6 20. Qe4 Qd6 21. Nc4
Qd4+ 22. Qxd4 cxd4 23. f4 exf4 24. Nxf4 Bf5 25. Ne6+ Bxe6 26. Rxe6 Rfe8 27.
Rae1 Rxe6 28. Rxe6 Kf7 29. Rb6 Nf5 30. Rxb7+ Ke6 31. Kf2 h5 32. Kf3 Ne7 33. Ke4
Nc6 34. Rb6 f5+ 35. Kf4 Kd5 36. Kg5 Rg8 37. h4 d3 38. c3 Ne5 39. Nxe5 Kxe5 40.
Rb4 Rd8 41. Kxg6 Rg8+ 42. Kxh5 Rxg3 43. Rd4 f4 44. Rd8 Ke4 45. b4 Rg2 46. Rd4+
Kf3 47. Rxd3+ Ke2 48. Rd6 f3 49. Rxa6 f2 50. Rf6 f1=Q 51. Rxf1 Kxf1 52. a5 Rxd2
53. a6 Ra2 54. b5 Ke2 55. c4 Ra5 56. Kg4 Kd3 57. c5 Rxb5 58. c6 Rb8 59. c7 Rc8
60. a7 Ke4 61. Kg5 Ke5 62. h5 Kd6 63. h6 Kxc7 64. h7 Kb7 65. Kg6 Kxa7 66. Kg7
Rc7+ 67. Kg8 Rc8+ 68. Kg7 Rc7+ 69. Kg8 Rxh7 70. Kxh7 1/2-1/2

[Event "26. Schweinfurt Open"]
[Site "Schweinfurt"]
[Date "2016.05.28"]
[Round "4.12"]
[White "Boß, Rolf"]
[Black "Hohner, Karl-Heinz"]
[Result "1-0"]
[WhiteElo "2015"]
[BlackElo "1883"]
[PlyCount "59"]
[EventDate "2016.??.??"]
[WhiteTeam "(vls) Hof"]
[BlackTeam "(vls) Kronach"]

1. f4 d5 2. Nf3 g6 3. g3 Bg7 4. Bg2 c5 5. d3 Nf6 6. O-O Nc6 7. c3 O-O 8. Na3
Rb8 9. Ne5 Qb6 10. Kh1 Rd8 11. Qa4 Ng4 12. Nxc6 bxc6 13. h3 Nh6 14. e4 Ba6 15.
c4 dxe4 16. dxe4 Rd3 17. g4 f5 18. gxf5 gxf5 19. e5 Rbd8 20. Rg1 Kh8 21. Bf1
R3d7 22. Be3 e6 23. Rb1 Bc8 24. Qc2 a5 25. Qf2 Qc7 26. Rc1 Ng8 27. Nb1 Rd1 28.
Rxd1 Rxd1 29. Nc3 Rd8 30. Bxc5 1-0

[Event "26. Schweinfurt Open"]
[Site "Schweinfurt"]
[Date "2016.05.28"]
[Round "4.13"]
[White "Helm, Timo"]
[Black "Brodt, Andreas"]
[Result "1-0"]
[WhiteElo "1969"]
[BlackElo "1853"]
[PlyCount "91"]
[EventDate "2016.??.??"]
[WhiteTeam "SC Bad Königshofen"]
[BlackTeam "SK Schweinfurt"]

1. e4 c5 2. Nc3 d6 3. Bb5+ Bd7 4. Bxd7+ Nxd7 5. f4 g6 6. Nf3 Bg7 7. d3 a6 8. a4
Rc8 9. O-O e6 10. f5 Nh6 11. Bg5 Qc7 12. Qd2 Ng4 13. h3 Nge5 14. f6 Nxf3+ 15.
Rxf3 Bf8 16. Bh6 Ne5 17. Rf2 Kd7 18. Bf4 Rd8 19. d4 Nc4 20. Qe2 cxd4 21. Nd1 h5
22. b3 Na5 23. Qd2 e5 24. Bg5 Kc8 25. Nb2 Qc3 26. Qc1 Qc6 27. Qe1 Qc3 28. Bd2
Qxb2 29. Bxa5 Rd7 30. Rb1 Qa2 31. c3 Qxb1 32. Qxb1 Bh6 33. Rf3 Kb8 34. cxd4 Rc8
35. Rc3 Rxc3 36. Bxc3 Be3+ 37. Kf1 exd4 38. Ba5 Bg5 39. Qd3 Bxf6 40. Bb6 d5 41.
Bxd4 Bxd4 42. Qxd4 Kc8 43. exd5 Rd6 44. Qb4 Kd7 45. Qxb7+ Ke8 46. b4 1-0

[Event "26. Schweinfurt Open"]
[Site "Schweinfurt"]
[Date "2016.05.28"]
[Round "4.14"]
[White "Krenz, Dieter"]
[Black "Müller, Gerhard"]
[Result "1-0"]
[WhiteElo "1934"]
[BlackElo "1835"]
[PlyCount "43"]
[EventDate "2016.??.??"]
[WhiteTeam "SC Prichsenstadt"]
[BlackTeam "SC Bad Königshofen"]

1. e4 g6 2. d4 Bg7 3. Nc3 d6 4. Be3 Nd7 5. Qd2 b6 6. Nge2 Bb7 7. f3 e6 8. g4 a6
9. Ng3 Ne7 10. O-O-O b5 11. Kb1 Nb6 12. Bd3 Qd7 13. Nce2 Nc6 14. h4 h6 15. f4
d5 16. f5 Nc4 17. Bxc4 bxc4 18. Nf4 gxf5 19. exf5 O-O-O 20. Ngh5 Rdg8 21. Nxg7
Rxg7 22. Nh5 1-0

[Event "26. Schweinfurt Open"]
[Site "Schweinfurt"]
[Date "2016.05.28"]
[Round "4.15"]
[White "Leichum, Engelbert"]
[Black "Maar, Samuel"]
[Result "0-1"]
[WhiteElo "1708"]
[BlackElo "1910"]
[PlyCount "98"]
[EventDate "2016.??.??"]
[WhiteTeam "(vls) Frankfurt"]
[BlackTeam "SC Kaufungen"]

1. e4 e5 2. Bc4 c6 3. Nc3 Nf6 4. Qf3 d6 5. h3 Be7 6. d3 b5 7. Bb3 Bb7 8. Nge2
O-O 9. Ng3 d5 10. O-O a5 11. a3 Na6 12. Nf5 b4 13. Ne2 dxe4 14. Qg3 Ne8 15.
Nh6+ Kh8 16. Nxf7+ Rxf7 17. Bxf7 Bh4 18. Qxe5 Bf6 19. Qh5 g5 20. dxe4 Nc5 21.
Bg6 Qe7 22. e5 Bxe5 23. Bxg5 Nf6 24. Bxf6+ Bxf6 25. c3 Rg8 26. Bxh7 Rg5 27. Qf3
Nb3 28. Be4 Nd2 29. Qd3 Qxe4 30. Qxe4 Nxe4 31. f3 Nd2 32. Rfd1 Nxf3+ 33. Kh1 c5
34. Rf1 Nh4 35. Rxf6 Rxg2 36. Rh6+ Kg7 37. Rxh4 Rg4+ 38. Kh2 Rxh4 39. axb4 cxb4
40. Rxa5 Kf6 41. Ra4 Re4 42. Ng3 Re1 43. Nh5+ Kg5 44. Rxb4 Re2+ 45. Kg1 Bf3 46.
Rb5+ Kh4 47. Nf4 Rd2 48. Rb4 Kg3 49. b3 Rd1# 0-1

[Event "26. Schweinfurt Open"]
[Site "Schweinfurt"]
[Date "2016.05.28"]
[Round "4.16"]
[White "Drewes, Thomas"]
[Black "Blank, Stefan"]
[Result "1/2-1/2"]
[WhiteElo "1844"]
[BlackElo "1821"]
[PlyCount "138"]
[EventDate "2016.??.??"]
[WhiteTeam "SV Würzburg"]
[BlackTeam "SC Sulzbach"]

1. d4 Nf6 2. Bg5 Ne4 3. Bf4 d6 4. f3 Nf6 5. e4 g6 6. Bd3 Bg7 7. Ne2 O-O 8. c3
Nbd7 9. O-O Nh5 10. Bd2 c6 11. Na3 b5 12. Nc2 a5 13. Nf4 Nxf4 14. Bxf4 e5 15.
Be3 Nb6 16. Qd2 f5 17. Bh6 f4 18. Bxg7 Kxg7 19. b3 h5 20. Rfd1 Be6 21. Bf1 a4
22. dxe5 dxe5 23. Qf2 Qc7 24. b4 Bc4 25. Na3 Bxf1 26. Kxf1 Nd7 27. Rd3 Nf6 28.
Rad1 Rad8 29. Qd2 Rxd3 30. Qxd3 Rf7 31. Qd6 Rd7 32. Qxc7 Rxc7 33. c4 bxc4 34.
Nxc4 Nd7 35. a3 g5 36. h3 Kf7 37. Rd6 Ke7 38. Rg6 c5 39. b5 Rb7 40. b6 Kf7 41.
Rxg5 Kf6 42. Rxh5 Kg6 43. Rh8 Nxb6 44. Nxe5+ Kf6 45. Nd3 c4 46. Nb4 Ke5 47. Rd8
Rd7 48. Rxd7 Nxd7 49. Ke2 Kd4 50. Kd2 Ne5 51. Nd5 c3+ 52. Kc2 Nc4 53. Nxc3
Nxa3+ 54. Kb2 Nc4+ 55. Ka2 Kxc3 56. h4 Ne3 57. h5 Nxg2 58. h6 Nh4 59. e5 Kd4
60. e6 Ng6 61. h7 Ke3 62. h8=Q Nxh8 63. e7 Kxf3 64. e8=Q Kf2 65. Qxh8 f3 66.
Qh2+ Kf1 67. Ka3 f2 68. Kxa4 Ke1 69. Qe5+ Kf1 1/2-1/2

[Event "26. Schweinfurt Open"]
[Site "Schweinfurt"]
[Date "2016.05.28"]
[Round "4.17"]
[White "Scheifele, Paul"]
[Black "Peuckert, Rüdiger"]
[Result "1/2-1/2"]
[WhiteElo "1286"]
[BlackElo "1818"]
[PlyCount "104"]
[EventDate "2016.??.??"]
[WhiteTeam "Aschaffenburg-Schweinheim"]
[BlackTeam "SK Schweinfurt"]

1. e4 g6 2. Nf3 Bg7 3. d4 b6 4. Nc3 Bb7 5. Bf4 e6 6. e5 Ne7 7. Be2 h6 8. Qd2 g5
9. Bg3 a6 10. h4 g4 11. Nh2 h5 12. f3 Nf5 13. Nf1 Bh6 14. Qd3 Nc6 15. Bf2 Nb4
16. Qd1 gxf3 17. Bxf3 Bxf3 18. gxf3 Rg8 19. a3 Nd5 20. Nxd5 exd5 21. Qd3 Ne7
22. Qh7 Rg6 23. Rg1 Rxg1 24. Bxg1 Bf8 25. Qxh5 Ng6 26. Bf2 Qe7 27. O-O-O O-O-O
28. Qg4 Bh6+ 29. Kb1 Nf8 30. f4 f6 31. h5 Qg7 32. Qxg7 Bxg7 33. Ng3 Ne6 34. Nf5
fxe5 35. dxe5 Rf8 36. Nxg7 Nxg7 37. h6 Ne6 38. Be3 Nxf4 39. Bxf4 Rxf4 40. Rh1
Rf8 41. h7 Rh8 42. Kc1 Kd8 43. Kd2 Ke7 44. Ke3 Kf7 45. Kd4 c6 46. Ke3 Kg7 47.
Kf4 Rf8+ 48. Kg5 Kh8 49. Rh2 Re8 50. Kg6 Rxe5 51. Rf2 Re6+ 52. Rf6 c5 1/2-1/2

[Event "26. Schweinfurt Open"]
[Site "Schweinfurt"]
[Date "2016.05.28"]
[Round "4.18"]
[White "Meyer, Thorlejf"]
[Black "Neudecker, Georg"]
[Result "1-0"]
[WhiteElo "1839"]
[BlackElo "1876"]
[PlyCount "63"]
[EventDate "2016.??.??"]
[WhiteTeam "Skakforeningen Odysseus"]
[BlackTeam "SV Walsdorf"]

1. e4 c6 2. Nf3 d5 3. exd5 cxd5 4. d4 Nf6 5. c3 Nc6 6. Bd3 Bg4 7. Bf4 e6 8.
Nbd2 Be7 9. Qb1 Bxf3 10. Nxf3 O-O 11. O-O a6 12. Re1 b5 13. Ne5 Rc8 14. a4 Qb6
15. Bg5 Rc7 16. Bxf6 Bxf6 17. Bxh7+ Kh8 18. Re3 Nxe5 19. dxe5 Bg5 20. Rh3 Bh6
21. a5 Qc6 22. Bd3 f6 23. Qe1 Rcc8 24. Qe3 Qc7 25. Rxh6+ gxh6 26. Qxh6+ Kg8 27.
exf6 Qf7 28. Bg6 Qa7 29. f7+ Rxf7 30. Bxf7+ Qxf7 31. Re1 Re8 32. Re3 1-0